00648nam a2200193 i 4500001000300000245006400003260002100067700002100088040000800109041000800117080001700125942000700142008004100149999001700190856009800207952004900305952004900354952005100403bg 0aEksperymentalna chemia fizyczna /cLucjan Sobczyk [et al.]. aWarszawa,c1982.1 aSobczyk, Lucjan. cBPK apol a541.1(075.8) cKS s pl f |000 0 pol  c20472d20472 uhttp://koha.tu.koszalin.pl/cgi-bin/koha/opac-detail.pl?biblionumber=20472yKatalog online BPK 00104070aBPKbBPKcwo28844p02223759yKS 00104070aBPKbBPKcwo28845p01445398yKS 00104070aBPKbBPKcwoP 35601p01783308yKS